[Event "TUR-ch op"]
[Site "Antalya"]
[Date "2008.02.09"]
[Round "10.29"]
[White "Camur, Huseyin"]
[Black "Mecit, Emre"]
[Result "0-1"]
[WhiteElo "1798"]
[BlackElo "2037"]
[PlyCount "100"]
[EventDate "2008.02.04"]
[EventType "swiss"]
[EventRounds "11"]
[EventCountry "TUR"]
[SourceTitle "CBM 122 Extra"]
[Source "ChessBase"]
[SourceDate "2008.03.04"]
[SourceVersion "1"]
[SourceVersionDate "2008.03.04"]
[SourceQuality "1"]

1. c4 Nf6 2. g3 g6 3. Bg2 Bg7 4. Nf3 0-0 5. d4 c5 6. 0-0 cxd4 7. Nxd4 Nc6 8. e3 Nxd4 9. exd4 d5 10. c5 b6 11. cxb6 Qxb6 12. b3 Bg4 13. Qd3 Bf5 14. Qd1 Rac8 15. Bb2 Be4 16. Nc3 Bxg2 17. Kxg2 Ne4 18. Na4 Qb7 19. Qd3 Ng5 20. Rac1 Ne6 21. Rfd1 Rxc1 22. Rxc1 Rc8 23. Rd1 h5 24. h4 Rc6 25. Rd2 Qd7 26. b4 Rc4 27. Nc5 Qd6 28. Nxe6 Qxe6 29. a3 Qb6 30. f3 a6 31. f4 e6 32. Kh2 Qb5 33. Kg2 Rc8 34. Qb3 a5 35. Bc3 Qc4 36. Qxc4 Rxc4 37. Rd3 axb4 38. Bxb4 Bxd4 39. Kf3 f6 40. Rb3 Kf7 41. a4 e5 42. fxe5 fxe5 43. a5 Ke6 44. Bf8 Ra4 45. Rb5 e4+ 46. Kf4 Be5+ 47. Kg5 e3 48. Rb6+ Kf7 49. Bb4 e2 50. a6 Rxb4 0-1

[Event "TUR-ch op"]
[Site "Antalya"]
[Date "2008.02.05"]
[Round "4.59"]
[White "Uluhan, Anil"]
[Black "Camur, Huseyin"]
[Result "0-1"]
[WhiteElo "1558"]
[BlackElo "1798"]
[PlyCount "20"]
[EventDate "2008.02.04"]
[EventType "swiss"]
[EventRounds "11"]
[EventCountry "TUR"]
[SourceTitle "CBM 122 Extra"]
[Source "ChessBase"]
[SourceDate "2008.03.04"]
[SourceVersion "1"]
[SourceVersionDate "2008.03.04"]
[SourceQuality "1"]

1. e4 c5 2. Nf3 Nc6 3. d4 cxd4 4. Nxd4 g6 5. Nc3 Bg7 6. Be3 Nf6 7. f3 Qb6 8. Qd2 Nxe4 9. Nxc6 Qxb2 10. Rb1 Nxd2 0-1